| 000 | 00789nam a2200253 i 4500 | ||
|---|---|---|---|
| 001 | 87514 | ||
| 003 | ES-MaACL | ||
| 005 | 20230906175703.0 | ||
| 007 | t| | ||
| 008 | 041222s1984 sp b |||| | spa d | ||
| 020 | _a84-7423-234-1 | ||
| 080 | _a273.233 | ||
| 100 | 1 |
_aLabal, Paul. _969198 |
|
| 245 | 1 | 4 |
_aLos cátaros _b: herejía y crisis social / _cPaul Labal ; traducción de Octavi Pellissa. |
| 260 |
_aBarcelona : _bCrítica, _c[1984] |
||
| 300 |
_a237 p. : _bmap. ; _c20 cm. |
||
| 490 | 1 |
_aSerie general ; _v129. _aEstudios y ensayos |
|
| 504 | _aBibliografía: p. [226]-234. | ||
| 650 | 4 |
_aCátaros. _910841 |
|
| 700 | 1 |
_aPellissa, Octavi. _990100 |
|
| 830 | 0 |
_aSerie general ; _v129. _aEstudios y ensayos _9181534 |
|
| 852 |
_aES-MaACL _jL-7508 |
||
| 999 |
_c87514 _d87514 |
||